000 00277nam a2200109Ia 4500
008 200302s9999 xx 000 0 und d
100 _aRupert Spade
245 _aLibrary of Contemporary Architects Eero Saarinen
260 _bSimon and Schuster
260 _c1971
300 _a129 P.,
999 _c90
_d90